00970nam a22002537a 4500999001700000005001700017008004100034017004200075020001800117040002300135082002000158100003200178245009300210250000900303260007300312300002500385504006000410650003700470650003200507650004400539651001000583942001200593952011100605 c65986d6598620240530110853.0201102s2020 ua a g b 000 0dara d a2019/16310bمصر. دار الكتب a9789773195151 aEG-CaGPLcEG-CaGPL04221a069/bم ع0 aمحمد جمال راشد 10aعلم المتاحف :bنشاته فروعه واثره /cمحمد جمال راشد  aط.1 aالقاهرة : bالعربى للنشر و التوزيع،c2020 a279 ص. ؛c24 سم. aيشتمل على ارجاعات ببليوجرافية072qrmakaالمتاحف ، علم 07aالمتاحفzانواع 072qrmakaالمتاحف zاليونان  2qrmak 2ddccBK 00104070aCAIbCAIcMAIN-LIBRARYd2020-12-08l0o069/ م عp167116r2020-12-08 00:00:00w2020-12-08yBK